01044nam a2200217Ia 4500008004100000020001800041050002000059100004000079245009600119260003400215300001800249500012800267650001500395650003600410650001800446942001200464952011200476952011200588952010900700999001700809120626s9999 xx 000 0 und d a968-444-263-704aHF5821 F54 19991 aFIGUEROA BERMÚDEZ, Romeo Antonio.10aCómo hacer publicidad: un enfoque teórico-prácticocRomeo Antonio Figueroa Bermudez. aMéxicobPearson Educación a407 páginas aContiene: Índice de contenido Introducción Anexo A y B Glosario Índice analítico Índice onomástico Créditos17aPUBLICIDAD17aMEDIOS DE COMUNICACIÓN MASIVA17aARTE COMERCIO 2ddccLB 00104070a07b07d2009-01-05l3m1oHF5821 F54 1999p07 000931r2019-05-31s2017-09-26t1w2012-06-26yLB 00104070a07b07d2011-09-29l6m2oHF5821 F54 1999p07 002114r2017-02-01s2017-01-30t2w2012-06-26yLB 00104070a07b07d2011-10-01l7oHF5821 F54 1999p07 002138r2016-05-27s2015-04-16t3w2012-06-26yLB c66659d66659